Dobrovoľne nezamestnané osoby, dohoda o pracovnej činnosti, dohoda o vykonaní práce a ...
Vymedzenie pojmu "dobrovoľne nezamestnané osoby" na účely platenia poistného na zdravotné poistenie, nemocenské poistenie, na dôchodkové zabezpečenie a príspevku na poistenie v nezamestnanosti. Výklad pojmov pracovný pomer. Obdobný pracovný vzťah. Samostatne zárobkovo činné osoby. Osoby, za ktoré pl...
Na minha lista:
| Autor principal: | |
|---|---|
| Formato: | Capítulo de Livro |
| Idioma: | eslovaco |
| Assuntos: | |
| Tags: |
Sem tags, seja o primeiro a adicionar uma tag!
|
MARC
| LEADER | 00000naa a2200000 4500 | ||
|---|---|---|---|
| 001 | r037377 | ||
| 005 | 20231002080547.1 | ||
| 041 | 0 | |a slo | |
| 044 | |a SK | ||
| 245 | 1 | 0 | |a Dobrovoľne nezamestnané osoby, dohoda o pracovnej činnosti, dohoda o vykonaní práce a ... |c Zuzana Macková |
| 520 | |a Vymedzenie pojmu "dobrovoľne nezamestnané osoby" na účely platenia poistného na zdravotné poistenie, nemocenské poistenie, na dôchodkové zabezpečenie a príspevku na poistenie v nezamestnanosti. Výklad pojmov pracovný pomer. Obdobný pracovný vzťah. Samostatne zárobkovo činné osoby. Osoby, za ktoré platí poistné na zdravotné poistenie štát. Osoby, za ktoré platí poistné na zdravotné poistenie Národný úrad práce. Dohoda o pracovnej činnosti. Dohoda o vykonaní práce. "Dobrovoľne nezamestnané osoby" vykonávajúce činnosť na základe týchto dohôd. | ||
| 610 | 2 | 0 | |a poistenie nemocenské |
| 610 | 2 | 0 | |a poistenie zdravotné |
| 610 | 2 | 0 | |a poistenie dôchodkové |
| 610 | 2 | 0 | |a pomer pracovný |
| 610 | 2 | 0 | |a vzťahy pracovné |
| 610 | 2 | 0 | |a dohody o činnosti pracovnej |
| 610 | 2 | 0 | |a pracovníci dobrovoľní |
| 610 | 2 | 0 | |a dohody o vykonaní práce |
| 610 | 2 | 0 | |a zamestnanci |
| 610 | 2 | 0 | |a zamestnávatelia |
| 100 | 1 | |a Macková, Zuzana | |